Cheapest U.S. State Capitals To Live In - Statistics

General Stats
  • This quiz has been taken 80 times
  • The average score is 7 of 10
Answer Stats
Rent Buy Capital % Correct
$679 $137K Jackson
92%
$658 $138K Little Rock
79%
$554 $106K Topeka
79%
$620 $117K Charleston
76%
$550 $126K Frankfort
76%
$642 $126K Oklahoma City
73%
$655 $132K Des Moines
71%
$643 $142K Jefferson City
71%
$480 $148K Raleigh
67%
$599 $106K Springfield
63%
No matching quizzes found
Score Distribution
Percent of People with Each Score
Percentile by Number Answered
Your Score History
You have not taken this quiz